| 000 | 00829nam a2200181 i 4500 | ||
|---|---|---|---|
| 001 | 184382 | ||
| 003 | ES-MaACL | ||
| 005 | 20250914132917.0 | ||
| 008 | 150804s1868 sp |||| | spa d | ||
| 245 | 0 | 0 |
_aColección de piezas literarias selectas latinas y castellanas _b: mandada formar y anotar de Real Orden : para uso de las clases elementales de latín y castellano / _c[ por el Marqués de Morante y Raimundo Miguel]. |
| 260 |
_aMadrid : _b[s.n.], _c1868 ( _fImp. de Miguel Ginesta) |
||
| 300 |
_a2 v. ; _c22 cm. |
||
| 594 | _aAutores tomados del prólogo. | ||
| 700 | 1 |
_aGómez de la Cortina, Joaquín _c, Marqués de Morante ( _d1805-1868) _957894 |
|
| 700 | 1 |
_aMiguel, Raimundo de, _d1816-1878 _9242261 |
|
| 852 |
_aES-MaACL _jG-13152-53 _z.- Donat. de Micaela Ginesta de Mollinedo |
||
| 999 |
_c184382 _d184382 |
||